LEADER 01075nam0-2200313 --450 001 9910167853803321 005 20170418151509.0 010 $a978-88-222-5996-7 100 $a20170418d2011----kmuy0itay5050 ba 101 $aita 102 $aIT 105 $a 001yy 200 1 $aHammam, le terme nell'Islam$eConvegno internazionale di studi, Santa Cesarea Terme, 15-16 maggio 2008$fa cura di Rosita D'Amora e Samuela Pagani 210 $aFirenze$cL. S. Olschki$dİ2011 215 $aXV, 288 p., [10] carte di tav.$cill.$d24 cm. 225 1 $aAquae$v5 610 0 $aTerme$aPaesi islamici$aCongressi$a2008 676 $a725.730917671$v22 676 $a307.33409569442 702 1$aPagani,$bSamuela 702 1$aD'Amora,$bRosita 710 12$aConvegno internazionale di studi$f<15-16 maggio 2008 ;$eSanta Cesarea Terme>$0740248 801 0$aIT$bUNINA$gRICA$2UNIMARC 901 0$aBK 912 $a9910167853803321 952 0$a307.334 HAM 1$bDip. Fil. Aliotta 7140$fFLFBC 959 0$aflfbc 996 $aHammam, le terme nell'Islam$91467478 997 $aUNINA LEADER 02463nam 2200625 450 001 9910456238903321 005 20200520144314.0 010 $a1-58053-654-9 035 $a(CKB)111087028224076 035 $a(EBL)227613 035 $a(OCoLC)70741960 035 $a(SSID)ssj0000261059 035 $a(PQKBManifestationID)11213504 035 $a(PQKBTitleCode)TC0000261059 035 $a(PQKBWorkID)10224896 035 $a(PQKB)11350875 035 $a(MiAaPQ)EBC227613 035 $a(Au-PeEL)EBL227613 035 $a(CaPaEBR)ebr10081984 035 $a(CaBNVSL)mat09100384 035 $a(IEEE)9100384 035 $a(EXLCZ)99111087028224076 100 $a20200729d2003 uy 101 0 $aeng 135 $aurcn||||||||| 181 $ctxt 182 $cc 183 $acr 200 10$aTraffic analysis and design of wireless IP networks /$fToni Janevski 210 1$aBoston :$cArtech House,$dİ2003. 210 2$a[Piscataqay, New Jersey] :$cIEEE Xplore,$d[2003] 215 $a1 online resource (384 p.) 225 1 $aMobile communications series 300 $aDescription based upon print version of record. 311 $a1-58053-331-0 320 $aIncludes bibliographical references and index. 327 $aMachine generated contents note: 1. Introduction -- 2. Third Generation Wireless Mobile Communications and Beyond -- 3. Wireless Mobile Internet -- 4. Teletraffic Theory -- 5. 330 8 $aAnnotation Here's a unique new book that focuses on the future direction in wireless/mobile telecommunications as a standalone concept for building wireless IP systems, including commercial, campus, local, and global networks. It examines the integration of the Internet and mobile networks, which are merging as a result of global demand for seamless mobile communication. 410 0$aArtech House mobile communications series. 606 $aWireless communication systems 606 $aTelecommunication$xTraffic 606 $aMobile communication systems 608 $aElectronic books. 615 0$aWireless communication systems. 615 0$aTelecommunication$xTraffic. 615 0$aMobile communication systems. 676 $a621.382/15 700 $aJanevski$b Toni$0947778 801 0$bCaBNVSL 801 1$bCaBNVSL 801 2$bCaBNVSL 906 $aBOOK 912 $a9910456238903321 996 $aTraffic analysis and design of wireless IP networks$92258298 997 $aUNINA